<?xml version="1.0" encoding="UTF-8"?>
<record
    xmlns:xsi="http://www.w3.org/2001/XMLSchema-instance"
    xsi:schemaLocation="http://www.loc.gov/MARC21/slim http://www.loc.gov/standards/marcxml/schema/MARC21slim.xsd"
    xmlns="http://www.loc.gov/MARC21/slim">

  <leader>02529nam a2200313uu 4500</leader>
  <controlfield tag="001">1054817</controlfield>
  <controlfield tag="005">20260507082345.0</controlfield>
  <controlfield tag="007">cr|||||||</controlfield>
  <controlfield tag="008">071031e20070130                    spa  </controlfield>
  <datafield tag="035" ind1=" " ind2=" ">
    <subfield code="a">1054817</subfield>
  </datafield>
  <datafield tag="040" ind1=" " ind2=" ">
    <subfield code="c">comduadb</subfield>
  </datafield>
  <datafield tag="041" ind1=" " ind2=" ">
    <subfield code="a">spa</subfield>
  </datafield>
  <datafield tag="080" ind1=" " ind2=" ">
    <subfield code="a">PQU</subfield>
  </datafield>
  <datafield tag="100" ind1="1" ind2="0">
    <subfield code="a">Ram&#xED;rez Malule, Howard Diego</subfield>
    <subfield code="4">aut</subfield>
    <subfield code="e">aut</subfield>
    <subfield code="9">447139</subfield>
  </datafield>
  <datafield tag="245" ind1="1" ind2="0">
    <subfield code="a">Documentaci&#xF3;n del sistema de gesti&#xF3;n de la calidad con miras a la acreditaci&#xF3;n bajo la norma ISO/IEC 17025: 2005 y elaboraci&#xF3;n del protocolo de biodegradabilidad del Laboratorio de Ingenier&#xED;a Sanitaria y Ambiental I.S.A de la Universidad de Antioquia</subfield>
  </datafield>
  <datafield tag="260" ind1=" " ind2=" ">
    <subfield code="a">Medell&#xED;n :</subfield>
    <subfield code="b">[sin publicador],</subfield>
    <subfield code="c">2007.</subfield>
  </datafield>
  <datafield tag="300" ind1=" " ind2=" ">
    <subfield code="a">46 p&#xE1;ginas</subfield>
  </datafield>
  <datafield tag="520" ind1="3" ind2=" ">
    <subfield code="a">La norma internacional ISO/IEC 17025:2005 establece los requisitos generales para la competencia en la realizaci&#xF3;n de ensayos y/o calibraciones. El Laboratorio de Ingenier&#xED;a Sanitaria y Ambiental en su disposici&#xF3;n de cumplir con los requisitos de la presente norma y con el decreto 1575 del 9 de mayo del 2007 del Ministerio de la Protecci&#xF3;n Social, continua con su proceso de documentaci&#xF3;n del Sistema de Gesti&#xF3;n de la Calidad con miras a la acreditaci&#xF3;n de par&#xE1;metros microbiol&#xF3;gicos y de metales. Simult&#xE1;neamente se analiza la biodegradabilidad que es un par&#xE1;metro determinante en el comportamiento ambiental de las sustancias qu&#xED;micas y una propiedad deseable de los productos que se liberan en grandes cantidades al medio natural, tales como detergentes, pesticidas, entre otros. Cabe anotar que sin duda, el in&#xF3;culo es el factor que m&#xE1;s afecta la reproducibilidad de las pruebas de biodegradabilidad, debido a que los microorganismos presentes en &#xE9;ste son los encargados de realizar el proceso de transformaci&#xF3;n de los compuestos presentes en la muestra. Este informe tiene como objetivo presentar los avances alcanzados en la documentaci&#xF3;n e implementaci&#xF3;n de los documentos elaborados y revisados por el comit&#xE9; de calidad del Laboratorio de Ingenier&#xED;a Sanitaria y Ambiental y describir el protocolo de biodegradabilidad.</subfield>
  </datafield>
  <datafield tag="650" ind1=" " ind2=" ">
    <subfield code="a">Sistema de gesti&#xF3;n de calidad</subfield>
    <subfield code="9">104183</subfield>
  </datafield>
  <datafield tag="650" ind1=" " ind2=" ">
    <subfield code="a">Documentaci&#xF3;n de procesos</subfield>
    <subfield code="9">160956</subfield>
  </datafield>
  <datafield tag="650" ind1=" " ind2=" ">
    <subfield code="a">Norma ISO 17025</subfield>
    <subfield code="9">102234</subfield>
  </datafield>
  <datafield tag="650" ind1=" " ind2=" ">
    <subfield code="a">Universidad de Antioquia - Laboratorio de Ingenier&#xED;a Sanitaria y Ambiental</subfield>
    <subfield code="9">162573</subfield>
  </datafield>
  <datafield tag="650" ind1=" " ind2=" ">
    <subfield code="a">Biodegradaci&#xF3;n</subfield>
    <subfield code="9">4703</subfield>
  </datafield>
  <datafield tag="700" ind1="1" ind2="0">
    <subfield code="a">S&#xE1;nchez Henao, Claudia Patricia</subfield>
    <subfield code="4">ths</subfield>
    <subfield code="e">ths</subfield>
    <subfield code="9">312418</subfield>
  </datafield>
  <datafield tag="700" ind1="1" ind2="0">
    <subfield code="a">Chaverra, Gloria Marlene</subfield>
    <subfield code="4">ths</subfield>
    <subfield code="e">ths</subfield>
    <subfield code="9">591753</subfield>
  </datafield>
  <datafield tag="942" ind1=" " ind2=" ">
    <subfield code="c">TESIS</subfield>
  </datafield>
  <datafield tag="999" ind1=" " ind2=" ">
    <subfield code="c">437257</subfield>
    <subfield code="d">437257</subfield>
  </datafield>
  <datafield tag="502" ind1=" " ind2=" ">
    <subfield code="b">178</subfield>
    <subfield code="c">17</subfield>
  </datafield>
  <datafield tag="526" ind1=" " ind2=" ">
    <subfield code="a">180</subfield>
  </datafield>
  <datafield tag="952" ind1=" " ind2=" ">
    <subfield code="0">0</subfield>
    <subfield code="1">0</subfield>
    <subfield code="4">0</subfield>
    <subfield code="7">0</subfield>
    <subfield code="8">TESELEC</subfield>
    <subfield code="a">CENDI</subfield>
    <subfield code="b">CENDI</subfield>
    <subfield code="d">2007-10-31</subfield>
    <subfield code="i">C970988</subfield>
    <subfield code="l">0</subfield>
    <subfield code="o">PQU 03957</subfield>
    <subfield code="r">2023-04-27 00:00:00</subfield>
    <subfield code="t">1</subfield>
    <subfield code="w">2023-04-27</subfield>
    <subfield code="y">INTER</subfield>
  </datafield>
</record>
